|
|
|
|
| LEADER |
00000nab#a22000007a#4500 |
| 001 |
arbauad038306 |
| 003 |
AR-BaUAD |
| 005 |
20250711113012.0 |
| 008 |
990720|||||||||###||||||b###|0###a|spa|| |
| 040 |
|
|
|a AR-BaUAD
|c AR-BaUAD
|b spa
|
| 100 |
|
|
|a Pirovano, Antonella
|
| 245 |
|
|
|a Costruire per gli anziani /
|c Antonella Pirovano;
|
| 300 |
0 |
|
|b fot., plantas, cortes, vistas, planos
|
| 653 |
|
|
|a VIVIENDAS PARA ANCIANOS
|
| 653 |
|
|
|a TERCERA EDAD
|
| 653 |
|
|
|a VIVIENDAS UNIFAMILIARES
|
| 773 |
0 |
|
|t VILLE GIARDINI
|g no. 306 [set. 1995], p. 56-61
|
| 942 |
|
|
|c ARTI
|
| 952 |
|
|
|0 0
|1 0
|4 0
|7 0
|9 83225
|a AR-BAuAD
|b AR-BAuAD
|d 2025-07-11
|l 0
|p AAQA038306
|r 2025-07-11 11:30:12
|w 2025-07-11
|y ARTI
|
| 990 |
|
|
|a AQ199
|b TD
|
| 998 |
|
|
|a AAQ
|b BIBUN76
|
| 999 |
|
|
|c 62898
|d 62898
|